[Event "Challenge"]
[Site "http://www.queenalice.com/game.php?id=499726"]
[Date "2008.11.28"]
[Round "-"]
[White "cristal_negro"]
[Black "harleymanscott"]
[Result "1-0"]
[WhiteElo "1733"]
[BlackElo "1361"]

1. e4 d5 2. Nc3 e6 3. exd5 exd5 4. d4 c6 5. Nf3 f6 6. Be2 Nh6 7. O-O Ng4 8. Nh4
Bd6 9. Bxg4 g5 10. Re1+ Be5 11. Bxc8 gxh4 12. Bxb7 Nd7 13. Bxa8 Qxa8 14. dxe5
fxe5 15. Qh5+ Kd8 16. Qxh4+ Kc7 17. Na4 Qg8 18. c3 Qg6 19. Qe7 Rg8 20. g3 Rg7
21. Qb4 Qf5 22. Qa5+ Kd6 23. Qxa7 Rg4 24. Be3 h5 25. Nc5 Nxc5 26. Qxc5+ Ke6 27.
Qxc6+ Kf7 28. Qxd5+ Qe6 29. Qxe6+ Kf8 30. Qxe5 Rg6 31. Bc5+ 1-0

[Event "Let's Play Chess!"]
[Site "http://www.queenalice.com/game.php?id=712695"]
[Date "2010.1.12"]
[Round "-"]
[White "harleymanscott"]
[Black "jamsession"]
[Result "0-1"]
[WhiteElo "1360"]
[BlackElo "1846"]

1. e4 e5 2. d4 exd4 3. Qxd4 Nc6 4. Qd5 Nge7 5. Qg5 d6 6. Qf4 Ng6 7. Qf3 Be6 8.
Na3 Nce5 9. Qc3 h6 10. f4 Ng4 11. Nb5 c6 12. f5 cxb5 13. fxe6 fxe6 14. Bxb5+ Kf7
15. Qf3+ Nf6 16. Nh3 e5 17. Bc4+ Ke7 18. O-O Qc8 19. b3 Qd7 20. Ba3 Kd8 21. Rad1
Kc7 22. Qd3 Rd8 23. Bb5 Qe6 24. Bb4 Be7 25. Qc3+ Kb8 26. Ba5 Rc8 27. Qe3 Rhf8
28. Bc4 Qd7 29. Ng5 Ng4 30. Qh3 Bxg5 31. Bb4 Rxf1+ 32. Rxf1 Nf4 33. Qf3 a6 34.
g3 Nh3+ 35. Kh1 Be3 36. Be1 Bg5 37. Be2 Nf6 38. g4 Nf4 39. Bd1 Ng6 40. h3 Rf8
41. Bf2 Nh7 42. Qd3 Nf4 43. Qg3 Ng6 44. c4 Qc6 45. Bc2 b5 46. h4 Bxh4 47. Qe3
Bg5 48. Qa7+ Kc8 49. Qxg7 Nf4 50. Ba7 Qd7 51. Qxd7+ Kxd7 52. c5 dxc5 53. Bxc5
Rf7 54. Rd1+ Kc8 55. b4 Rd7 56. a4 Rxd1+ 57. Bxd1 Nf6 58. Bd6 Nxe4 59. Bxe5 Nf2+
60. Kg1 Nxd1 61. axb5 axb5 62. Kf1 Ng6 63. Bd4 Be7 64. Bg7 Bxb4 65. Bxh6 Kd7 66.
Ke2 Nc3+ 67. Kd2 Kd6 68. Bg7 Nd5+ 69. Kd3 Ne5+ 70. Kc2 Nxg4 71. Kb3 Bc5 72. Bf8+
Kc6 73. Bg7 Nde3 74. Bb2 Nc4 75. Bc3 Nge5 76. Ba1 Na5+ 77. Kc2 Ng4 78. Bc3 b4
79. Bxb4 Bxb4 80. Kd3 Kd5 81. Ke2 Ke4 82. Kd1 Kd3 83. Kc1 Ne3 84. Kb1 Nac4 85.
Ka2 Kc3 86. Kb1 Ba3 87. Ka2 Nc2 88. Kb1 Bb2 89. Ka2 Nb4+ 90. Kb1 Na3# 0-1

[Event "AUTO-INT-1797"]
[Site "http://www.queenalice.com/game.php?id=822255"]
[Date "2010.8.24"]
[Round "1"]
[White "jw16js"]
[Black "harleymanscott"]
[Result "1-0"]
[WhiteElo "1480"]
[BlackElo "1360"]

1. e4 d5 2. e5 e6 3. c3 Nc6 4. Bb5 a6 5. Bxc6+ bxc6 6. d4 c5 7. dxc5 Bxc5 8. c4
Qf6 9. exf6 Nxf6 10. cxd5 Ne4 11. Nh3 e5 12. Qa4+ Bd7 13. Qxe4 O-O 14. Ng5 g6
15. Qh4 Kg7 16. Ne4 Bb6 17. Qh6+ Kg8 18. Nf6+ Kh8 19. Qxh7# 1-0

[Event "AUTO-INT-1797"]
[Site "http://www.queenalice.com/game.php?id=822256"]
[Date "2010.8.24"]
[Round "1"]
[White "harleymanscott"]
[Black "jw16js"]
[Result "0-1"]
[WhiteElo "1349"]
[BlackElo "1495"]

1. e4 e5 2. d4 Qf6 3. d5 Bc5 4. Nf3 d6 5. Bg5 Qg6 6. Bd3 Bg4 7. h4 h6 8. Be3
Bxe3 9. fxe3 Bh5 10. Bb5+ Ke7 11. Be2 Qxe4 12. Nd4 Bg6 13. Bf3 Qxe3+ 14. Ne2 Nf6
15. Nc3 Nbd7 16. h5 Bf5 17. Rh3 Bxh3 18. Nb5 Nc5 19. Nxc7 Rac8 20. Nb5 a6 21.
Na7 Ra8 22. Qd2 Qxd2+ 23. Kxd2 Rxa7 24. gxh3 e4 25. Bg2 Nxh5 26. Bf3 exf3 27.
Nd4 Ng3 28. Re1+ Kd7 29. b4 Na4 30. Nxf3 Nb2 31. Rg1 Ne4+ 32. Kc1 Na4 33. c3
Nexc3 34. Kc2 Ne2 35. Rxg7 Rf8 36. Nh4 b5 37. Nf5 Rc7+ 38. Kd3 Nec3 39. Nxh6
Nxd5 40. Nxf7 Nxb4+ 41. Kd2 Rc2+ 42. Ke3 Nxa2 43. Ne5+ Ke6 44. Ng4 Re8 45. Ra7
Kd5+ 46. Kd3 Nb4# 0-1

[Event "AUTO-INT-1797"]
[Site "http://www.queenalice.com/game.php?id=822267"]
[Date "2010.8.24"]
[Round "1"]
[White "ries87"]
[Black "harleymanscott"]
[Result "1-0"]
[WhiteElo "1504"]
[BlackElo "1327"]

1. e4 d5 2. exd5 Qxd5 3. Nc3 Qe5+ 4. Be2 Nh6 5. Nf3 Qh5 6. O-O e6 7. Nb5 Qc5 8.
d4 Qb6 9. Bf4 e5 10. Bxe5 Na6 11. a4 f6 12. Bf4 g5 13. Be3 c6 14. d5 Qa5 15. c3
cxb5 16. Bxb5+ Bd7 17. b4 Nxb4 18. cxb4 Qxb4 19. Qd4 Qd6 20. Rfe1 Nf5 21. Qd3 a6
22. Bf4+ Be7 23. Bxd6 axb5 24. Bxe7 Nxe7 25. Qd4 Rc8 26. Qxf6 Kd8 27. Qxh8+ Kc7
28. Qe5+ Kb6 29. Qxe7 Rc7 30. d6 Rc2 31. Qxd7 g4 32. Qxb5+ Ka7 33. d7 gxf3 34.
d8=Q b6 35. Qbxb6# 1-0

[Event "AUTO-INT-1797"]
[Site "http://www.queenalice.com/game.php?id=822268"]
[Date "2010.8.24"]
[Round "1"]
[White "harleymanscott"]
[Black "ries87"]
[Result "0-1"]
[WhiteElo "1361"]
[BlackElo "1502"]

1. e4 c5 2. c3 d5 3. e5 Nc6 4. f4 g6 5. Nf3 Bg4 6. h3 Bxf3 7. Qxf3 e6 8. Na3 f6
9. Nb5 fxe5 10. fxe5 Nxe5 11. Qe2 Bd6 12. Nd4 cxd4 13. cxd4 Nc4 14. b3 Na3 15.
d3 Qf6 16. h4 Qxd4 17. Qxe6+ Be7 18. Bxa3 Qxa1+ 19. Kd2 Qxa2+ 20. Ke3 Qxa3 21.
Qxd5 Qc1+ 22. Kf3 Rd8 23. Qb5+ Qc6+ 24. Qxc6+ bxc6 25. g4 Nf6 26. b4 O-O 27. g5
Nd5+ 28. Ke4 Rf4+ 29. Ke5 Bd6+ 30. Ke6 Nc7# 0-1

[Event "AUTO-INT-1797"]
[Site "http://www.queenalice.com/game.php?id=822273"]
[Date "2010.8.24"]
[Round "1"]
[White "Clemente"]
[Black "harleymanscott"]
[Result "1-0"]
[WhiteElo "1525"]
[BlackElo "1372"]

1. e4 d5 2. Nc3 d4 3. Nb5 c6 4. Na3 e5 5. Bc4 Nf6 6. d3 b5 7. Bb3 Ng4 8. Nh3 b4
9. Nc4 Na6 10. f3 Qh4+ 11. Ke2 Nc5 12. Nxe5 Nxe5 13. Bg5 Qh5 14. Qd2 Bxh3 15.
gxh3 Qxh3 16. Raf1 Qg2+ 17. Kd1 Qxd2+ 18. Bxd2 Nxb3 19. axb3 a5 20. Bf4 Ng6 21.
Bc7 a4 22. bxa4 Rxa4 23. Ke2 Ra2 24. Rb1 Nh4 25. Be5 c5 26. Kf2 f6 27. Bg3 Ng6
28. h4 Ne5 29. h5 g5 30. Kg2 g4 31. f4 Nf3 32. e5 fxe5 33. fxe5 Bh6 34. e6 Ng5
35. Rhe1 Nf3 36. Re4 Nd2 37. Be5 Nxb1 38. Bxh8 Rxb2 39. Rxg4 Rxc2+ 40. Kg3 b3
41. Bf6 Kf8 42. e7+ Kf7 43. Re4 Nd2 44. Re5 Nf1+ 45. Kf3 Kxf6 46. e8=Q b2 47.
Qe6+ Kg7 48. Qe7+ Kg8 49. Qe8+ Bf8 50. Rg5+ Kh8 51. Qxf8# 1-0

[Event "AUTO-INT-1797"]
[Site "http://www.queenalice.com/game.php?id=822274"]
[Date "2010.8.24"]
[Round "1"]
[White "harleymanscott"]
[Black "Clemente"]
[Result "1-0"]
[WhiteElo "1347"]
[BlackElo "1527"]

1. e4 d5 2. Nc3 d4 3. Na4 Nf6 4. f3 Bd7 5. Ne2 Bxa4 6. b3 Bb5 7. c4 Ba6 8. g4
Nbd7 9. g5 Nh5 10. Nxd4 e5 11. Ne2 Qxg5 12. Rg1 Qh4+ 13. Rg3 Nxg3 14. hxg3 Qf6
15. Bg2 h5 16. a4 h4 17. g4 h3 18. Bh1 Qh4+ 19. Kf1 Nc5 20. d4 Rd8 21. Ba3 Nxb3
22. Qxb3 exd4 23. Nf4 h2 24. e5 Qg3 25. Ne2 Qxe5 26. Qd3 g6 27. f4 Qe6 28. f5
gxf5 29. Nf4 Qh6 30. Nd5 Rd7 31. Qxd4 Qh3+ 32. Ke2 Qh6 33. Nf6+ Qxf6 34. Qxf6
Re7+ 35. Kf2 Rh6 36. Qxf5 b6 37. g5 Rg6 38. Rd1 Ree6 39. Bc6+ Rxc6 40. Qd7# 1-0

[Event "AUTO-OPEN-2081"]
[Site "http://www.queenalice.com/game.php?id=822556"]
[Date "2010.8.24"]
[Round "1"]
[White "harleymanscott"]
[Black "pride"]
[Result "0-1"]
[WhiteElo "1327"]
[BlackElo "1366"]

1. d4 Nf6 2. d5 e5 3. e4 Nxe4 4. g3 Bc5 5. Nh3 Qf6 6. Be3 Bb4+ 7. c3 Ba5 8. Nd2
h5 9. Nxe4 Qf5 10. Nc5 d6 11. Qa4+ Nd7 12. Qxa5 Nxc5 13. Bxc5 dxc5 14. Bb5+ Kf8
15. Ng1 Qe4+ 16. Kd2 Qxh1 17. Qxc7 Qxd5+ 18. Ke3 Bg4 19. f3 Rd8 20. h3 Qd2+ 21.
Ke4 Qc2+ 22. Kxe5 Qf5# 0-1

[Event "AUTO-OPEN-2081"]
[Site "http://www.queenalice.com/game.php?id=822557"]
[Date "2010.8.24"]
[Round "1"]
[White "pride"]
[Black "harleymanscott"]
[Result "1-0"]
[WhiteElo "1350"]
[BlackElo "1327"]

1. e4 d5 2. e5 e6 3. Qf3 f5 4. Nc3 c6 5. Nh3 d4 6. Na4 Qa5 7. b3 Na6 8. Bb2 Nb4
9. c3 Nc2+ 10. Kd1 Nxa1 11. Bxa1 Ne7 12. Nf4 g5 13. Qh5+ Ng6 14. Nxg6 hxg6 15.
Qxh8 dxc3 16. Bxc3 Qd5 17. h4 g4 18. Bc4 Qxg2 19. Re1 Qxf2 20. Bb4 Qf3+ 21. Be2
Qd5 22. Qxf8+ Kd7 23. Qe7# 1-0

[Event "AUTO-OPEN-2081"]
[Site "http://www.queenalice.com/game.php?id=822558"]
[Date "2010.8.24"]
[Round "1"]
[White "harleymanscott"]
[Black "goldenboy"]
[Result "0-1"]
[WhiteElo "1318"]
[BlackElo "2089"]

1. d4 d5 2. Nc3 Nf6 3. Nf3 Nc6 4. Nb5 a6 5. Nc3 Bf5 6. Ng5 h6 7. e4 dxe4 8. d5
Nb4 9. a3 Nbxd5 10. Nxf7 Kxf7 11. Bc4 e6 12. Nxd5 exd5 13. Bb3 Bc5 14. Be3 Bxe3
15. fxe3 Be6 16. Rf1 c5 17. Qh5+ g6 18. Qe5 Qe7 19. Bxd5 Bxd5 20. Qxd5+ Kg7 21.
Qc4 Rad8 22. b4 Qd6 23. Qc3 cxb4 24. Qxb4 Qxb4+ 25. axb4 Nd5 26. Rf4 Nxf4 27.
Ra4 Nxg2+ 28. Kf2 Rd2+ 29. Kg3 Rf8 30. b5 Rf3+ 31. Kg4 Nxe3+ 32. Kh4 Rxh2# 0-1

[Event "AUTO-OPEN-2081"]
[Site "http://www.queenalice.com/game.php?id=822559"]
[Date "2010.8.24"]
[Round "1"]
[White "goldenboy"]
[Black "harleymanscott"]
[Result "1-0"]
[WhiteElo "2097"]
[BlackElo "1316"]

1. e4 d5 2. exd5 Qxd5 3. Nc3 Qe5+ 4. Be2 Nc6 5. Nf3 Qe6 6. O-O Qg6 7. Bb5 Nh6 8.
Ne5 Qg5 9. d4 Qh4 10. Nxc6 Bd7 11. Ne5 c6 12. Nxd7 cxb5 13. Nxf8 Ng4 14. h3 h5
15. Qf3 Rxf8 16. Qxb7 f5 17. Qxa8+ Kf7 18. Qd5+ e6 19. Qd7+ Kf6 20. Qxb5 Rd8 21.
hxg4 hxg4 22. Qe5+ Kg6 23. Qxe6+ Kh7 24. Qxf5+ Kg8 25. Bg5 Rf8 26. Qxf8+ Kxf8
27. Bxh4 g6 28. f3 g3 29. Bxg3 g5 30. Rfe1 Kf7 31. d5 g4 32. d6 gxf3 33. d7 f2+
34. Kxf2 Kg6 35. d8=Q Kh5 36. Qg8 a5 37. Re6 a4 38. Rh1# 1-0

[Event "AUTO-OPEN-2081"]
[Site "http://www.queenalice.com/game.php?id=822560"]
[Date "2010.8.24"]
[Round "1"]
[White "harleymanscott"]
[Black "drd123"]
[Result "0-1"]
[WhiteElo "1351"]
[BlackElo "2113"]

1. d4 g6 2. d5 Bg7 3. Nc3 d6 4. e4 Nf6 5. f3 O-O 6. Nh3 Bxh3 7. gxh3 Nbd7 8. Bf4
e5 9. Bg3 Nh5 10. Qd3 Nf4 11. Qd2 Bh6 12. h4 Nc5 13. Bc4 Nfd3+ 14. Qxd3 Nxd3+
15. cxd3 c6 16. Rg1 Qb6 17. Ke2 Qxb2+ 18. Kf1 Qxa1+ 19. Kg2 Qxc3 20. dxc6 bxc6
21. Ba6 Rab8 22. h5 Rb2+ 23. Kh3 f5 24. exf5 Rxf5 25. Bc4+ d5 26. hxg6 hxg6 27.
Ba6 Rh5+ 28. Kg4 Rb4+ 29. f4 exf4 30. Be1 f3+ 31. Kxf3 Qf6+ 32. Ke2 Rb2+ 33. Bd2
Rxd2+ 34. Ke1 Qf2# 0-1

[Event "AUTO-OPEN-2081"]
[Site "http://www.queenalice.com/game.php?id=822561"]
[Date "2010.8.24"]
[Round "1"]
[White "drd123"]
[Black "harleymanscott"]
[Result "1-0"]
[WhiteElo "2089"]
[BlackElo "1347"]

1. e4 d5 2. e5 e6 3. d4 Nh6 4. Bxh6 gxh6 5. Bd3 Rg8 6. Qf3 f5 7. exf6 Bb4+ 8. c3
Rf8 9. cxb4 Rxf6 10. Qh5+ Ke7 11. Nf3 Nc6 12. a3 a5 13. b5 Na7 14. a4 Qd6 15.
Nc3 Qb4 16. Qe5 Qxb2 17. Nxd5+ Kd8 18. Qxf6+ Kd7 19. Qe7# 1-0

[Event "Challenge"]
[Site "http://www.queenalice.com/game.php?id=836151"]
[Date "2010.9.22"]
[Round "-"]
[White "harleymanscott"]
[Black "vinoseco"]
[Result "0-1"]
[WhiteElo "1339"]
[BlackElo "1429"]

1. e4 Nf6 2. d3 Nc6 3. Nc3 d6 4. Nd5 e6 5. Nf4 Nd4 6. Nf3 e5 7. Nh5 Nxh5 8. Nxd4
g6 9. h3 c5 10. Nb5 a6 11. Na3 Qd7 12. d4 cxd4 13. Nc4 Nf6 14. Nb6 Qc6 15. Nxa8
Qxe4+ 16. Qe2 Qd5 17. Nb6 Qa5+ 18. Bd2 Qxb6 19. f4 Qxb2 20. Rc1 e4 21. Qc4 Be6
22. Qc7 e3 23. Ba5 Qxc1+ 24. Ke2 Be7 25. Qb8+ Kd7 26. Qxb7+ Ke8 27. Qb8+ Kd7 28.
Qxh8 Qxc2+ 29. Kf3 Qf2# 0-1

[Event "AUTO-INT-1848"]
[Site "http://www.queenalice.com/game.php?id=848043"]
[Date "2010.10.19"]
[Round "1"]
[White "BIBIU16"]
[Black "harleymanscott"]
[Result "1-0"]
[WhiteElo "1969"]
[BlackElo "1314"]

1. e4 d5 2. exd5 Qxd5 3. Nc3 Qe5+ 4. Be2 Nh6 5. Nf3 Qe6 6. O-O Qg6 7. Ne5 Qg5 8.
d4 Bh3 9. Bxg5 f6 10. Bxh6 gxh6 11. Bh5+ Kd8 12. Nf7+ Kc8 13. Bg4+ Bxg4 14.
Qxg4+ Nd7 15. Nxh8 b6 16. Rfe1 h5 17. Qg8 Kb7 18. Qd5+ c6 19. Qxd7+ Ka6 20. Qxc6
Rd8 21. d5 e5 22. Re4 Rd6 23. Ra4# 1-0

[Event "AUTO-INT-1848"]
[Site "http://www.queenalice.com/game.php?id=848044"]
[Date "2010.10.19"]
[Round "1"]
[White "harleymanscott"]
[Black "BIBIU16"]
[Result "0-1"]
[WhiteElo "1312"]
[BlackElo "1943"]

1. d4 Nf6 2. e3 g6 3. c3 Bg7 4. Nf3 O-O 5. Ng5 d5 6. Na3 Nbd7 7. h4 e5 8. dxe5
Nxe5 9. Nb5 a6 10. Nd4 c5 11. f4 Neg4 12. f5 cxd4 13. Qxd4 Bxf5 14. Be2 Ne4 15.
Qb6 Qxb6 16. h5 Nxc3 17. hxg6 Nxe2 18. Kxe2 Bxg6 19. Kf3 Ne5+ 20. Kf4 Qf6+ 21.
Kg3 Qxg5+ 22. Kf2 Nd3+ 23. Ke2 Qxg2+ 24. Kd1 Qxh1+ 25. Kd2 Qe1+ 26. Kc2 Nc5+ 27.
e4 Bxe4# 0-1

[Event "AUTO-INT-1848"]
[Site "http://www.queenalice.com/game.php?id=848055"]
[Date "2010.10.19"]
[Round "1"]
[White "harleymanscott"]
[Black "Clausimausi"]
[Result "0-1"]
[WhiteElo "1296"]
[BlackElo "1582"]

1. d4 e5 2. dxe5 Nc6 3. Nf3 Qe7 4. Bf4 Qb4+ 5. Qd2 Qxb2 6. e3 Qxa1 7. e6 Qxb1+
8. Qd1 Bb4+ 9. Nd2 Qxd1+ 10. Kxd1 dxe6 11. Bxc7 Nf6 12. Bf4 Bxd2 13. Kxd2 O-O
14. a3 Rd8+ 15. Kc3 Nd5+ 16. Kc4 Nb6+ 17. Kc3 e5 18. Bg5 f6 19. Bh4 Nd5+ 20. Kc4
Nb6+ 21. Kb5 Bd7 22. Kc5 Rac8 23. Kb5 Nd4+ 24. Ka5 Rc5+ 25. Kb4 Rc4+ 26. Bxc4+
Nxc4 27. exd4 Be6 28. Rd1 a5+ 29. Kb5 Nxa3+ 30. Kxa5 Nc4+ 31. Kb5 exd4 32. f4
Na3+ 33. Kb6 Nxc2 34. f5 Bxf5 35. Kxb7 d3 36. Rf1 d2 37. Bxf6 gxf6 38. Rd1 Ne3
39. Rxd2 Rxd2 40. h4 Nxg2 41. h5 Be4+ 42. Kb6 f5 43. Kb5 f4 44. Kc4 f3 45. Kc3
Rd3+ 46. Kc2 f2 47. h6 f1=Q 48. Kb2 Qe2+ 49. Kc1 Rd1# 0-1

[Event "AUTO-INT-1848"]
[Site "http://www.queenalice.com/game.php?id=848056"]
[Date "2010.10.19"]
[Round "1"]
[White "Clausimausi"]
[Black "harleymanscott"]
[Result "1-0"]
[WhiteElo "1464"]
[BlackElo "1310"]

1. e4 d5 2. exd5 Qxd5 3. Nf3 Nh6 4. Nc3 Qe6+ 5. Be2 Ng4 6. O-O g6 7. Nd4 Qd6 8.
Bxg4 Qxd4 9. Bxc8 Nc6 10. Nb5 Qf4 11. d4 Qh4 12. Nxc7+ Kd8 13. Nxa8 Kxc8 14. Be3
e5 15. Qf3 e4 16. Qxf7 Bd6 17. Qe6+ Kd8 18. Qxd6+ Ke8 19. Nc7+ Kf7 20. Qe6+ Kf8
21. Qd6+ Ne7 22. Ne6+ Kf7 23. Ng5+ Ke8 24. Qb8+ Kd7 25. Qxb7+ Kd6 26. Nxe4+ Ke6
27. Ng5+ Kf5 28. Qd7+ Kf6 29. Qe6+ Kg7 30. Qxe7+ Kg8 31. Qf7# 1-0

[Event "Challenge"]
[Site "http://www.queenalice.com/game.php?id=861126"]
[Date "2010.11.20"]
[Round "-"]
[White "blackwolf"]
[Black "harleymanscott"]
[Result "1-0"]
[WhiteElo "1947"]
[BlackElo "1300"]

1. d4 d5 2. c4 Nf6 3. g3 e6 4. Bg2 c6 5. Nf3 Ng4 6. c5 Na6 7. O-O h5 8. Bd2 b6
9. b4 h4 10. Nxh4 Rxh4 11. gxh4 Qxh4 12. h3 Nf6 13. a3 e5 14. e3 Bxh3 15. Qf3 e4
16. Qg3 Qxg3 17. fxg3 Bg4 18. Nc3 Nh5 19. Kh2 bxc5 20. bxc5 Rb8 21. Rab1 Nf6 22.
Rxb8+ Nxb8 23. Rb1 Nbd7 24. Bh3 Be2 25. Nxe2 g5 26. Bxd7+ Kxd7 27. Rb7+ Ke6 28.
Rxa7 g4 29. Nf4+ Kf5 30. Rxf7 Bh6 31. a4 Kg5 32. a5 Ng8 33. a6 1-0

[Event "Challenge"]
[Site "http://www.queenalice.com/game.php?id=861127"]
[Date "2010.11.20"]
[Round "-"]
[White "harleymanscott"]
[Black "blackwolf"]
[Result "0-1"]
[WhiteElo "1298"]
[BlackElo "1949"]

1. e4 e5 2. Nf3 Nf6 3. d3 Nc6 4. d4 d5 5. dxe5 dxe4 6. Ng5 h6 7. Nf3 Qxd1+ 8.
Kxd1 Bg4 9. Be2 Bxf3 10. gxf3 Nxe5 11. Bb5+ c6 12. Bf4 Bd6 13. Be2 Rd8 14. Nc3
Nxf3 15. Bxf3 Bxf4+ 16. Ke1 Bd2+ 17. Ke2 Bxc3 18. bxc3 O-O 19. Rab1 exf3+ 20.
Kxf3 b5 21. Rhg1 a6 22. Kf4 Nd5+ 23. Kf5 Nxc3 24. Rb3 Ne2 25. Re1 Nd4+ 26. Ke5
Nxb3 27. cxb3 Rfe8+ 28. Kf5 Rxe1 29. b4 Re2 30. h4 Rxf2+ 31. Ke5 Rxa2 0-1